000 00238nam a2200097Ia 4500
082 _aEJF OLDH
245 0 _aIn the blood
100 _a OLDHAM, June London, 2003
_975396
942 _cBK
008 210817s9999 xx 000 0 und d
999 _c249444
_d249443